Pravdepodobnostné prístupy pre analýzu vykonávanej úlohy na základe pohybu očí

Saved in:
Bibliographic Details
Main Author: Vítek, Andrej (Author)
Other Authors: Tvarožek, Jozef (Thesis advisor)
Format: Manuscript Book
Language:Slovak
Published: 2019
Subjects:
Online Access:http://is.stuba.sk/zp/portal_zp.pl?podrobnosti=145513
Tags: Add Tag
No Tags, Be the first to tag this record!

MARC

LEADER 00000ntm a22000003a 4500
001 stuzp75042
003 SK-STU
005 20190622212832.8
007 ta
008 150427s2015----xo-----f-mn---000-0-slo-d
040 |a STU  |b slo 
041 0 |a slo 
100 1 |a Vítek, Andrej  |u 070200  |k Z4  |4 aut  |U FIIT Fakulta informatiky a informačných technológií  |T FIIT Ústav informatiky, informačných systémov a softvérového inžinierstva  |X 74349  |U I200  |Y 179  |7 74349 
242 0 1 |a Probabilistic models for analysis of performed task based on eye movement  |y eng 
245 1 0 |a Pravdepodobnostné prístupy pre analýzu vykonávanej úlohy na základe pohybu očí 
260 |c 2019 
650 4 |a Sledovanie pohľadu  |2 slo 
650 4 |a Tvorba čŕt  |2 slo 
650 4 |a Skrytý Markovov model  |2 slo 
650 4 |a Eye-tracking  |2 eng 
650 4 |a Hidden Markov model  |2 eng 
650 4 |a Feature engineering  |2 eng 
700 1 |a Tvarožek, Jozef  |u 070200  |k Z1  |4 ths  |U FIIT Fakulta informatiky a informačných technológií  |T FIIT Ústav informatiky, informačných systémov a softvérového inžinierstva  |X 52473  |U I200  |Y 179  |7 52473 
856 4 |u http://is.stuba.sk/zp/portal_zp.pl?podrobnosti=145513 
996 |c I*DP9/19  |l II680  |s P  |a 0  |w stuzp75042_0001